Bramki logiczne (Tablica prawdy) (Wersja trudniejsza) - Statystyki

Ogólne statystyki
  • Ten quiz został rozwiązany 587 razy
  • Średni wynik to 31 z 33
Statystyki odpowiedzi
Odpowiedź % Poprawnych
0
99%
0
98%
0
98%
1
98%
0
96%
1
96%
1
96%
1
96%
AND
96%
0
95%
1
95%
1
95%
1
95%
1
95%
0
94%
OR
94%
0
93%
0
93%
0
93%
1
93%
NOT
93%
0
92%
0
92%
1
92%
1
92%
NAND
92%
NOR
91%
0
89%
0
89%
1
89%
1
89%
XOR
88%
XNOR
79%
Nie znaleziono quizów pasujących do podanych kryteriów
Rozkład punktacji
Procent ludzi z każdym wynikiem
Percentyl według liczby udzielonych odpowiedzi
Twoja historia wyników
Nie rozwiązałeś tego quizu